Fernando el Católico y el cisma de Pisa

Uloženo v:
Podrobná bibliografie
Hlavní autor: Doussinague, José M (Autor)
Médium: Kniha
Jazyk:španělština
Vydáno: Madrid Espasa Calpe 1946
Témata:
Tagy: Přidat tag
Žádné tagy, Buďte první, kdo vytvoří štítek k tomuto záznamu!

MARC

LEADER 00000nam a2200000 a 4500
001 UCM9824
003 CL-VaPUC
008 030523e19460000SP |||||||||||||||||spa|d
082 0 4 |a 327.46  |b DOU  |2 21 
100 0 |a Doussinague, José M  |e author  |9 476400 
245 1 0 |a Fernando el Católico y el cisma de Pisa 
300 |a 706 p 
942 |c BK 
945 |d 20030523 00:00:00  |a rbrito 
260 |a Madrid  |b Espasa Calpe  |c 1946 
600 0 7 |a LUIS XII  |2 CL-VaPUC  |9 476401 
600 0 7 |a FERNANDO V  |2 CL-VaPUC  |9 442581 
600 0 7 |a CONCILIO DE PISA  |2 CL-VaPUC  |9 476402 
600 0 7 |a CONCILIO DE LETRAN  |2 CL-VaPUC  |9 476403 
650 0 |a Relaciones Exteriores  |9 255379 
650 7 |a REYES DE ESPAÑA  |2 CL-VaPUC  |9 476404 
650 0 |a Historia de España  |9 315435 
651 0 |a España  |9 254926 
651 0 |a Italia  |9 254949 
651 7 |a PISA  |2 CL-VaPUC  |9 332650 
583 |a last modification  |c 20030523 00:00:00  |k Rodrigo Vera 
999 |c 303910  |d 303908 
952 |0 0  |1 0  |4 0  |6 327_460000000000000_DOU_1946  |7 0  |8 P  |9 365504  |a BIBTEO  |b BIBTES  |c TEO_FTES  |d 2019-11-21  |i 3910474  |o 327.46 DOU 1946  |p 3910474  |r 2024-01-18  |w 2019-11-21  |y BK  |k ICR